000 00548nam a2200217Ia 4500
003 OSt
005 20220928144706.0
006 a|||||r|||| 00| 0
007 ta
008 220927b |||||||| |||| 00| 0 eng d
024 _a73133
037 _cTextual
040 _aSDCL
_cSDCL
_beng
041 _2eng
_aeng
082 _aRxM74, J5.1-.3
100 _aCassirer Ernst
_9509171
245 0 _aPhilosophy of symbolic forms.3V.
260 _c1973
942 _hRxM74, J5.1-.3
_cTEXL
_2CC
999 _c829039
_d829039